| 000 | 00917nam a22002777a 4500 | ||
|---|---|---|---|
| 001 | 7744 | ||
| 003 | FISKH | ||
| 005 | 20250801162613.0 | ||
| 008 | 250801b cb ||||| |||| 00| 0 eng d | ||
| 020 | _a9780141386416 | ||
| 040 |
_aFISKH _beng _cFISKH _dFISKH |
||
| 050 | _aPZ7.P17526 W | ||
| 082 | _a813.6 | ||
| 100 | _aPalacio , R. J. | ||
| 245 |
_aWe're all wonders / _cWritten and illustrated by R. J. Palacio |
||
| 260 |
_aLondon : _bPuffin Books , _c2017. |
||
| 300 |
_a32 unnumbered pages : _bcolor illustrations ; _c31 cm . |
||
| 505 | _aG | ||
| 520 | _aAugie enjoys the company of his dog, Daisy, and using his imagination, but painfully endures the taunts of his peers because of his facial deformity. | ||
| 521 | 8 |
_a370
_bLexile AD |
|
| 521 | 8 |
_aG
_bRaz-Plus |
|
| 650 |
_aDifferences _vFiction |
||
| 650 |
_aBullying _vFiction |
||
| 942 |
_2ddc _cBK _n0 |
||
| 999 |
_c7744 _d7744 |
||